000 00677nam a2200193 i 4500
001 90096
003 ES-MaACL
005 20230906180339.0
007 t|
008 050118s1902 fr ||||1| fre d
100 1 _aLechat, Henri.
_971068
245 1 3 _aLe temple grec
_b: histoire sommaire de ses origines et de son developpement jusquéau V siecle avant Jesus Christ /
_cpar Henri Lechat.
260 _a[S.l. :
_bs.n.,
_c1902] (
_eLe Puy :
_fR. Marchessou)
300 _a134 p. ;
_c17 cm.
490 1 _aPetite bibliothèque d'art et d'archéologie
830 0 _aPetite bibliothèque d'art et d'archéologie
_9184434
852 _aES-MaACL
_jF-2725
999 _c90096
_d90096